Countries over 1% of Global Land Area - Statistics

General Stats
  • This quiz has been taken 2,165 times
    1,785 since last reset
  • The average score is 16 of 18
Answer Stats
Percentage % Country % Correct
11.5 Russia
100%
6.7 Canada
99%
6.4 China
99%
6.4 United States of America
99%
5.2 Australia
98%
5.7 Brazil
98%
2.2 India
97%
1.9 Argentina
94%
1.3 Mexico
92%
1.6 Algeria
89%
1.6 Dem. Rep. of the Congo
89%
1.1 Mongolia
87%
1.3 Indonesia
85%
1.4 Saudi Arabia
84%
1.1 Iran
83%
1.8 Kazakhstan
78%
1.3 Sudan
78%
1.2 Libya
76%
No matching quizzes found
Score Distribution
Percent of People with Each Score
Percentile by Number Answered
Your Score History
You have not taken this quiz since the last reset